000 00428nam a2200169Ia 4500
008 210210b1995 xxu||||| |||| 00| 0 eng d
020 _a81 7093 125 2
082 _a657.042 REDA
100 _aREDDY (P N) and others.
245 _aAccountancy - 1. I PUC.
250 _a
260 _aBombay.
_bHimalaya Publishing House
_c1995
300 _a491
650 _aAccountancy II PUC
690 _aAccountancy
906 _a049736
999 _c98294
_d98294